<?xml version="1.0" encoding="UTF-8"?>
<record
    xmlns:xsi="http://www.w3.org/2001/XMLSchema-instance"
    xsi:schemaLocation="http://www.loc.gov/MARC21/slim http://www.loc.gov/standards/marcxml/schema/MARC21slim.xsd"
    xmlns="http://www.loc.gov/MARC21/slim">

  <leader>00360nam a2200169Ia 4500</leader>
  <datafield tag="100" ind1=" " ind2=" ">
    <subfield code="a">Rangan/C.S/ Sharma/G.R </subfield>
  </datafield>
  <datafield tag="650" ind1=" " ind2=" ">
    <subfield code="a">INSTRUMENTATION</subfield>
  </datafield>
  <datafield tag="250" ind1=" " ind2=" ">
    <subfield code="a">2</subfield>
  </datafield>
  <datafield tag="942" ind1=" " ind2=" ">
    <subfield code="c">BK</subfield>
  </datafield>
  <datafield tag="366" ind1=" " ind2=" ">
    <subfield code="f">20</subfield>
  </datafield>
  <datafield tag="245" ind1=" " ind2=" ">
    <subfield code="a">Instrumentation:Devices and systems</subfield>
  </datafield>
  <datafield tag="260" ind1=" " ind2=" ">
    <subfield code="b">McGraw Hill</subfield>
    <subfield code="c">1997</subfield>
  </datafield>
  <datafield tag="082" ind1=" " ind2=" ">
    <subfield code="a">621.112</subfield>
    <subfield code="b">RAN</subfield>
  </datafield>
  <datafield tag="300" ind1=" " ind2=" ">
    <subfield code="a">549</subfield>
  </datafield>
  <datafield tag="546" ind1=" " ind2=" ">
    <subfield code="a">ENGLISH</subfield>
  </datafield>
  <datafield tag="999" ind1=" " ind2=" ">
    <subfield code="c">22789</subfield>
    <subfield code="d">22789</subfield>
  </datafield>
  <datafield tag="952" ind1=" " ind2=" ">
    <subfield code="0">0</subfield>
    <subfield code="1">0</subfield>
    <subfield code="4">0</subfield>
    <subfield code="7">0</subfield>
    <subfield code="8">CRC</subfield>
    <subfield code="a">CRCE</subfield>
    <subfield code="b">CRCE</subfield>
    <subfield code="d">2023-03-17</subfield>
    <subfield code="e">Shroff Publishers</subfield>
    <subfield code="g">568.00</subfield>
    <subfield code="i">1810/1718/dt 18.08.2017</subfield>
    <subfield code="l">0</subfield>
    <subfield code="o">621.112 RAN</subfield>
    <subfield code="p">24887</subfield>
    <subfield code="r">2023-03-17</subfield>
    <subfield code="v">710.00</subfield>
    <subfield code="w">0000-00-00</subfield>
    <subfield code="y">BK</subfield>
  </datafield>
  <datafield tag="952" ind1=" " ind2=" ">
    <subfield code="0">0</subfield>
    <subfield code="1">0</subfield>
    <subfield code="4">0</subfield>
    <subfield code="7">0</subfield>
    <subfield code="8">CRC</subfield>
    <subfield code="a">CRCE</subfield>
    <subfield code="b">CRCE</subfield>
    <subfield code="d">2023-03-17</subfield>
    <subfield code="e">Shroff Publishers</subfield>
    <subfield code="g">568.00</subfield>
    <subfield code="i">1810/1718/dt 18.08.2017</subfield>
    <subfield code="l">0</subfield>
    <subfield code="o">621.112 RAN</subfield>
    <subfield code="p">24888</subfield>
    <subfield code="r">2023-03-17</subfield>
    <subfield code="v">710.00</subfield>
    <subfield code="w">0000-00-00</subfield>
    <subfield code="y">BK</subfield>
  </datafield>
  <datafield tag="952" ind1=" " ind2=" ">
    <subfield code="0">0</subfield>
    <subfield code="1">0</subfield>
    <subfield code="4">0</subfield>
    <subfield code="7">0</subfield>
    <subfield code="8">CRC</subfield>
    <subfield code="a">CRCE</subfield>
    <subfield code="b">CRCE</subfield>
    <subfield code="d">2023-03-17</subfield>
    <subfield code="e">Shroff Publishers</subfield>
    <subfield code="g">568.00</subfield>
    <subfield code="i">1810/1718/dt 18.08.2017</subfield>
    <subfield code="l">0</subfield>
    <subfield code="o">621.112 RAN</subfield>
    <subfield code="p">24889</subfield>
    <subfield code="r">2023-03-17</subfield>
    <subfield code="v">710.00</subfield>
    <subfield code="w">0000-00-00</subfield>
    <subfield code="y">BK</subfield>
  </datafield>
  <datafield tag="952" ind1=" " ind2=" ">
    <subfield code="0">0</subfield>
    <subfield code="1">0</subfield>
    <subfield code="4">0</subfield>
    <subfield code="7">0</subfield>
    <subfield code="8">CRC</subfield>
    <subfield code="a">CRCE</subfield>
    <subfield code="b">CRCE</subfield>
    <subfield code="d">2023-03-17</subfield>
    <subfield code="e">Shroff Publishers</subfield>
    <subfield code="g">568.00</subfield>
    <subfield code="i">1810/1718/dt 18.08.2017</subfield>
    <subfield code="l">0</subfield>
    <subfield code="o">621.112 RAN</subfield>
    <subfield code="p">24890</subfield>
    <subfield code="r">2023-03-17</subfield>
    <subfield code="v">710.00</subfield>
    <subfield code="w">0000-00-00</subfield>
    <subfield code="y">BK</subfield>
  </datafield>
  <datafield tag="952" ind1=" " ind2=" ">
    <subfield code="0">0</subfield>
    <subfield code="1">0</subfield>
    <subfield code="4">0</subfield>
    <subfield code="7">0</subfield>
    <subfield code="8">CRC</subfield>
    <subfield code="a">CRCE</subfield>
    <subfield code="b">CRCE</subfield>
    <subfield code="d">2023-03-17</subfield>
    <subfield code="e">Shroff Publishers</subfield>
    <subfield code="g">568.00</subfield>
    <subfield code="i">1810/1718/dt 18.08.2017</subfield>
    <subfield code="l">0</subfield>
    <subfield code="o">621.112 RAN</subfield>
    <subfield code="p">24891</subfield>
    <subfield code="r">2023-03-17</subfield>
    <subfield code="v">710.00</subfield>
    <subfield code="w">0000-00-00</subfield>
    <subfield code="y">BK</subfield>
  </datafield>
  <datafield tag="952" ind1=" " ind2=" ">
    <subfield code="0">0</subfield>
    <subfield code="1">0</subfield>
    <subfield code="4">0</subfield>
    <subfield code="7">0</subfield>
    <subfield code="8">CRC</subfield>
    <subfield code="a">CRCE</subfield>
    <subfield code="b">CRCE</subfield>
    <subfield code="d">2023-03-17</subfield>
    <subfield code="e">Shroff Publishers</subfield>
    <subfield code="g">568.00</subfield>
    <subfield code="i">1810/1718/dt 18.08.2017</subfield>
    <subfield code="l">0</subfield>
    <subfield code="o">621.112 RAN</subfield>
    <subfield code="p">24892</subfield>
    <subfield code="r">2023-03-17</subfield>
    <subfield code="v">710.00</subfield>
    <subfield code="w">0000-00-00</subfield>
    <subfield code="y">BK</subfield>
  </datafield>
  <datafield tag="952" ind1=" " ind2=" ">
    <subfield code="0">0</subfield>
    <subfield code="1">0</subfield>
    <subfield code="4">0</subfield>
    <subfield code="7">0</subfield>
    <subfield code="8">CRC</subfield>
    <subfield code="a">CRCE</subfield>
    <subfield code="b">CRCE</subfield>
    <subfield code="d">2023-03-17</subfield>
    <subfield code="e">Shroff Publishers</subfield>
    <subfield code="g">568.00</subfield>
    <subfield code="i">1810/1718/dt 18.08.2017</subfield>
    <subfield code="l">0</subfield>
    <subfield code="o">621.112 RAN</subfield>
    <subfield code="p">24893</subfield>
    <subfield code="r">2023-03-17</subfield>
    <subfield code="v">710.00</subfield>
    <subfield code="w">0000-00-00</subfield>
    <subfield code="y">BK</subfield>
  </datafield>
  <datafield tag="952" ind1=" " ind2=" ">
    <subfield code="0">0</subfield>
    <subfield code="1">0</subfield>
    <subfield code="4">0</subfield>
    <subfield code="7">0</subfield>
    <subfield code="8">CRC</subfield>
    <subfield code="a">CRCE</subfield>
    <subfield code="b">CRCE</subfield>
    <subfield code="d">2023-03-17</subfield>
    <subfield code="e">Shroff Publishers</subfield>
    <subfield code="g">568.00</subfield>
    <subfield code="i">1810/1718/dt 18.08.2017</subfield>
    <subfield code="l">0</subfield>
    <subfield code="o">621.112 RAN</subfield>
    <subfield code="p">24894</subfield>
    <subfield code="r">2023-03-17</subfield>
    <subfield code="v">710.00</subfield>
    <subfield code="w">0000-00-00</subfield>
    <subfield code="y">BK</subfield>
  </datafield>
  <datafield tag="952" ind1=" " ind2=" ">
    <subfield code="0">0</subfield>
    <subfield code="1">0</subfield>
    <subfield code="4">0</subfield>
    <subfield code="7">0</subfield>
    <subfield code="8">CRC</subfield>
    <subfield code="a">CRCE</subfield>
    <subfield code="b">CRCE</subfield>
    <subfield code="d">2023-03-17</subfield>
    <subfield code="e">Shroff Publishers</subfield>
    <subfield code="g">568.00</subfield>
    <subfield code="i">1810/1718/dt 18.08.2017</subfield>
    <subfield code="l">0</subfield>
    <subfield code="o">621.112 RAN</subfield>
    <subfield code="p">24895</subfield>
    <subfield code="r">2023-03-17</subfield>
    <subfield code="v">710.00</subfield>
    <subfield code="w">0000-00-00</subfield>
    <subfield code="y">BK</subfield>
  </datafield>
  <datafield tag="952" ind1=" " ind2=" ">
    <subfield code="0">0</subfield>
    <subfield code="1">0</subfield>
    <subfield code="4">0</subfield>
    <subfield code="7">0</subfield>
    <subfield code="8">CRC</subfield>
    <subfield code="a">CRCE</subfield>
    <subfield code="b">CRCE</subfield>
    <subfield code="d">2023-03-17</subfield>
    <subfield code="e">Shroff Publishers</subfield>
    <subfield code="g">568.00</subfield>
    <subfield code="i">1810/1718/dt 18.08.2017</subfield>
    <subfield code="l">0</subfield>
    <subfield code="o">621.112 RAN</subfield>
    <subfield code="p">24896</subfield>
    <subfield code="r">2023-03-17</subfield>
    <subfield code="v">710.00</subfield>
    <subfield code="w">0000-00-00</subfield>
    <subfield code="y">BK</subfield>
  </datafield>
</record>
